| 000 | 01508nam a2200385 a 4500 | ||
|---|---|---|---|
| 001 | 000113079 | ||
| 003 | CHAP | ||
| 005 | 20220329144337.0 | ||
| 008 | 170417s2016 mx a fsm |||||||spa d | ||
| 010 | _a109540 | ||
| 011 | _a110512 | ||
| 040 | _cCHAP | ||
| 090 | _aTesis | ||
| 100 | 1 |
_aRivera Amaro, Viridiana Stephany _9131918 |
|
| 245 | 1 | 0 |
_aEtiología de la roña de la espiga en trigo (Triticum eastivum L.) en Valles Altos de México / _h[En línea] _cpor Viridiana Stephany Rivera Amaro. |
| 260 |
_aChapingo, Méx. : _bEl autor, _c2016. |
||
| 500 | _aPara ver el contenido del material haga clic en la liga | ||
| 502 | _aTesis (Ing. Agr. Esp. en Parasitología Agrícola ) -- UACH. Departamento de Parasitología Agrícola | ||
| 590 |
_aE11695DGD _b10 _c20170418 _lUCH01 _h0947 |
||
| 590 |
_aE11695DGD _b10 _c20170418 _lUCH01 _h0949 |
||
| 590 |
_aE11695DGD _b10 _c20170418 _lUCH01 _h0951 |
||
| 590 |
_aE11695DGD _b10 _c20170418 _lUCH01 _h0957 |
||
| 590 |
_aE11695DGD _b10 _c20170727 _lUCH01 _h1009 |
||
| 590 |
_aE8697GMM _b05 _c20170417 _lUCH01 _h1010 |
||
| 590 |
_aE8697GMM _b05 _c20170417 _lUCH01 _h1300 |
||
| 590 |
_aE8697GMM _b05 _c20170418 _lUCH01 _h0907 |
||
| 590 |
_aE8697GMM _b05 _c20170418 _lUCH01 _h0914 |
||
| 650 | 1 | 4 |
_aRoya del trigo. _9100390 |
| 650 | 1 | 4 |
_aTrigo _xEnfermedad es por hongos _xControl. _9175633 |
| 650 | 1 | 4 |
_aTrigo _xResistencia a enfermedades. _9115093 |
| 856 |
_aFinding aid _uhttp://10.13.5.2/tesis/sist113079.pdf _zTeclea aquí |
||
| 901 | _aBK | ||
| 942 | _cTESIS | ||
| 942 | _n0 | ||
| 999 |
_c109540 _d109540 |
||